| 000 | 00421nam a22001697a 4500 | ||
|---|---|---|---|
| 020 | _a056602442x | ||
| 082 | _a658.40353ELG | ||
| 100 |
_aElgood, Chris _96582 |
||
| 245 | _aHand Book of Management Games | ||
| 250 | _a3rd ed | ||
| 260 |
_aBritain _bGower _c1984 |
||
| 300 |
_axi,332P _b25cm |
||
| 500 | _aIncludes index | ||
| 650 |
_aHand book of management games _96583 |
||
| 700 |
_aElgood, Chris _96584 |
||
| 942 | _cBK | ||
| 999 |
_c14541 _d14541 |
||